[Event "Miedzynarodowe Mistrzostwa Chrzanowa w szachach klasycznych"]
[Site "SP8 Chrzanow, ul. Pogorska 8C "]
[Date "1899-12-30"]
[Round "5.4"]
[White "Vypkhaniuk, Ihor"]
[Black "Pniaczek, Marek"]
[Result "1/2-1/2"]
[WhiteTitle ""]
[BlackTitle "CM"]
[WhiteElo "2361"]
[BlackElo "2107"]

1. c4 c5 2. Nf3 Nc6 3. d4 cxd4 4. Nxd4 g6 5. e4 Nf6 6. Nc3 Nxd4 7. Qxd4 d6 8. Be3
Bg7 9. Be2 O-O 10. Qd2 Be6 11. Rc1 a5 12. f3 a4 13. Nb5 Nd7 14. b4 axb3 15. axb3
Nc5 16. Rb1 Bd7 17. b4 Bxb5 18. bxc5 Bc6 19. cxd6 Qxd6 20. Qxd6 exd6 21. Kf2 f5
22. exf5 Rxf5 23. Rbd1 Be5 24. Rd2 Ra3 25. Bd3 Rf8 26. h4 Bc3 27. Re2 Bf6 28.
Rd2 Re8 29. Bg5 Bc3 30. Rdd1 Ba4 31. Be4 Bxd1 32. Rxd1 Bb4 33. Bxb7 Ra2+ 34. Kg3
Ree2 35. f4 Kg7 36. h5 h6 37. Bd8 gxh5 38. Bf3 Re6 39. Bxh5 Be1+ 40. Kh2 Bd2 41.
f5 Re4 42. Bf3 Rf4 43. f6+ Rxf6 44. Bxf6+ Kxf6 45. Kh3 Kg5 1/2-1/2

[Event "Miedzynarodowe Mistrzostwa Chrzanowa w szachach klasycznych"]
[Site "SP8 Chrzanow, ul. Pogorska 8C "]
[Date "1899-12-30"]
[Round "6.1"]
[White "Szczurek, Krzysztof"]
[Black "Stachanczyk, Jacek"]
[Result "0-1"]
[WhiteTitle "FM"]
[BlackTitle "IM"]
[WhiteElo "2149"]
[BlackElo "2209"]

1. e4 c6 2. c4 d5 3. exd5 cxd5 4. d4 Nf6 5. Nf3 Nc6 6. Nc3 Bg4 7. Be3 e6 8. Qb3
Bxf3 9. gxf3 Bb4 10. O-O-O O-O 11. c5 Bxc3 12. Qxc3 Nh5 13. Rg1 Qc7 14. Bd3 Nf4
15. Kb1 Ne7 16. Rg3 Nxd3 17. Qxd3 Nf5 18. Rg2 f6 19. Bc1 b6 20. cxb6 Qxb6 21.
b3 Qd6 22. h3 a5 23. a4 Rab8 24. Ka2 Rf7 25. Ba3 Qf4 26. Bc1 Qc7 27. Ba3 Nxd4
28. Qxd4 Qc2+ 29. Bb2 Qxb3+ 30. Kb1 Rb4 31. Rd3 Qxa4 32. Qc3 Qb5 33. Qc8+ Rf8
34. Qxe6+ Kh8 35. Rd2 Qf1+ 36. Ka2 Ra4+ 37. Ba3 Qc4+ 38. Kb1 Rb8+ 39. Rb2 Qd3+
0-1

[Event "Miedzynarodowe Mistrzostwa Chrzanowa w szachach klasycznych"]
[Site "SP8 Chrzanow, ul. Pogorska 8C "]
[Date "1899-12-30"]
[Round "6.2"]
[White "Pniaczek, Marek"]
[Black "Manik, Mikulas"]
[Result "0-1"]
[WhiteTitle "CM"]
[BlackTitle "GM"]
[WhiteElo "2107"]
[BlackElo "2417"]

1. e4 c5 2. Nf3 d6 3. d4 Nf6 4. Nc3 cxd4 5. Nxd4 Nc6 6. Bc4 e6 7. O-O Qc7 8. Bb3
a6 9. Re1 Be7 10. Bg5 h6 11. Nxc6 bxc6 12. Bh4 g5 13. Bg3 e5 14. Qe2 h5 15. h4
Ng4 16. Qf3 gxh4 17. Qxf7+ Kd8 18. Qg7 Bf6 19. Qxc7+ Kxc7 20. Bh2 Bg5 21. Ne2
Rf8 22. Rf1 Nxf2 23. Rxf2 Be3 24. Raf1 Bg4 25. Nc1 Rxf2 26. Rxf2 Rf8 27. Nd3 Be2
0-1

[Event "Miedzynarodowe Mistrzostwa Chrzanowa w szachach klasycznych"]
[Site "SP8 Chrzanow, ul. Pogorska 8C "]
[Date "1899-12-30"]
[Round "6.3"]
[White "Tomczak, Mikolaj"]
[Black "Vypkhaniuk, Ihor"]
[Result "1/2-1/2"]
[WhiteTitle "FM"]
[BlackTitle ""]
[WhiteElo "2383"]
[BlackElo "2361"]

1. d4 Nf6 2. c4 c5 3. Nf3 cxd4 4. Nxd4 e5 5. Nb5 d5 6. cxd5 Bc5 7. e3 O-O 8. N5c3
e4 9. Be2 Re8 10. a3 Bf5 11. g4 Bg6 12. h4 h6 13. Nd2 Nxd5 14. Nxd5 Qxd5 15. b4
Bf8 16. Bb2 1/2-1/2

[Event "Miedzynarodowe Mistrzostwa Chrzanowa w szachach klasycznych"]
[Site "SP8 Chrzanow, ul. Pogorska 8C "]
[Date "1899-12-30"]
[Round "6.5"]
[White "Ustianovich, Nazar"]
[Black "Musial, Tomasz"]
[Result "1-0"]
[WhiteTitle "FM"]
[BlackTitle "I++"]
[WhiteElo "2375"]
[BlackElo "2078"]

1. Nf3 Nf6 2. c4 e6 3. g3 b6 4. Bg2 Bb7 5. O-O Be7 6. d4 O-O 7. Re1 d6 8. Nc3 Ne4
9. Qc2 Nxc3 10. Ng5 Bxg5 11. Bxb7 Bxc1 12. Rexc1 Nd7 13. Bxa8 Nxe2+ 14. Qxe2 Qxa8
15. b4 Nf6 16. a4 Ne4 17. f3 Nf6 18. a5 Qb7 19. Kg2 d5 20. axb6 axb6 21. c5 c6
22. Qa6 Qxa6 23. Rxa6 bxc5 24. bxc5 Rc8 25. Rb1 e5 26. Rxc6 1-0

[Event "Miedzynarodowe Mistrzostwa Chrzanowa w szachach klasycznych"]
[Site "SP8 Chrzanow, ul. Pogorska 8C "]
[Date "1899-12-30"]
[Round "7.1"]
[White "Musial, Tomasz"]
[Black "Szczurek, Krzysztof"]
[Result "1-0"]
[WhiteTitle "I++"]
[BlackTitle "FM"]
[WhiteElo "2078"]
[BlackElo "2149"]

1. Nf3 Nf6 2. c4 g6 3. g3 Bg7 4. Bg2 O-O 5. O-O c5 6. Nc3 d6 7. d4 Nbd7 8. b3 Rb8
9. Bb2 a6 10. Rc1 b6 11. Qc2 Bb7 12. e4 cxd4 13. Nxd4 Nc5 14. Rfe1 Ng4 15. Rcd1
e5 16. Nde2 f5 17. h3 Nh6 18. b4 Nxe4 19. Nxe4 fxe4 20. Bxe4 Nf7 21. h4 Nh6 22.
Bxb7 Rxb7 23. Nc3 Qc8 24. Ne4 Rc7 25. Qd3 Qf5 26. Re2 Rd8 27. Qd5+ Qf7 28. c5
Qxd5 29. Rxd5 Nf7 30. cxd6 Rc4 31. a3 Rd7 32. f3 Kf8 33. Red2 h6 34. Kf2 Bh8 35.
Bc3 Rc6 36. a4 Bg7 37. a5 Ke8 38. R2d3 Kf8 39. Bd2 Nd8 40. axb6 Rxb6 41. Nc5 Rf7
42. Ke3 Rc6 43. Ke4 Rb6 44. Bc3 Kg8 45. Rd1 Kh7 46. Ra1 Ra7 47. Ra4 Nf7 48. d7
Ra8 49. Nd3 Nd6+ 50. Ke3 Nc4+ 51. Ke2 Rd8 52. Nc5 a5 53. bxa5 1-0

[Event "Miedzynarodowe Mistrzostwa Chrzanowa w szachach klasycznych"]
[Site "SP8 Chrzanow, ul. Pogorska 8C "]
[Date "1899-12-30"]
[Round "7.3"]
[White "Vypkhaniuk, Ihor"]
[Black "Nester, Ihor"]
[Result "1/2-1/2"]
[WhiteTitle ""]
[BlackTitle "IM"]
[WhiteElo "2361"]
[BlackElo "2340"]

1. b3 f5 2. Bb2 Nf6 3. g3 e6 4. Bg2 Be7 5. c4 O-O 6. e3 Nc6 7. Ne2 a5 8. a3 Ne4
9. Qc2 Bf6 10. O-O Bxb2 11. Qxb2 Qe8 12. Nbc3 Nxc3 13. Qxc3 e5 14. d4 d6 15. b4
Qh5 16. b5 Ne7 17. Rfe1 Ng6 18. dxe5 Nxe5 19. Nf4 Nf3+ 20. Bxf3 Qxf3 21. Qd4 b6
22. e4 Bb7 23. Re3 Qg4 24. h3 Qg5 25. Ne6 Qf6 26. exf5 Rae8 27. Qxf6 Rxf6 28.
Nd4 Rxe3 29. fxe3 g6 30. g4 gxf5 31. Nxf5 Be4 32. Rf1 Re6 33. Kf2 Bd3 34. Rc1
Bxf5 35. gxf5 Re5 36. Kf3 Rxf5+ 37. Ke4 Re5+ 38. Kd4 Kf7 39. Rf1+ Ke6 40. Rf4
Rh5 41. h4 Rc5 42. a4 Ke7 43. Kd3 Ke6 44. Kd4 Ke7 45. Kd3 1/2-1/2

[Event "Miedzynarodowe Mistrzostwa Chrzanowa w szachach klasycznych"]
[Site "SP8 Chrzanow, ul. Pogorska 8C "]
[Date "1899-12-30"]
[Round "7.5"]
[White "Stachanczyk, Jacek"]
[Black "Pniaczek, Marek"]
[Result "1-0"]
[WhiteTitle "IM"]
[BlackTitle "CM"]
[WhiteElo "2209"]
[BlackElo "2107"]

1. e4 c5 2. Nc3 d6 3. f4 Nc6 4. Nf3 g6 5. Bc4 Bg7 6. d3 Nf6 7. O-O O-O 8. Qe1 a6
9. Qh4 b5 10. Bb3 Nd4 11. f5 Nxf3+ 12. Rxf3 e6 13. Bg5 b4 14. fxg6 fxg6 15. Nd5
exd5 16. Bxd5+ Be6 17. Bxe6+ Kh8 18. Raf1 Qe8 19. Rxf6 Qxe6 20. Rxe6 Bd4+ 21.
Rf2 Rxf2 22. Qxf2 1-0

[Event "Miedzynarodowe Mistrzostwa Chrzanowa w szachach klasycznych"]
[Site "SP8 Chrzanow, ul. Pogorska 8C "]
[Date "1899-12-30"]
[Round "8.1"]
[White "Szczurek, Krzysztof"]
[Black "Pniaczek, Marek"]
[Result "0-1"]
[WhiteTitle "FM"]
[BlackTitle "CM"]
[WhiteElo "2149"]
[BlackElo "2107"]

1. e4 e5 2. Nf3 Nc6 3. Bc4 Bc5 4. c3 Nf6 5. d3 d6 6. Nbd2 O-O 7. Bb3 a6 8. h3 h6
9. Nf1 Be6 10. Ng3 d5 11. O-O Qd7 12. d4 exd4 13. cxd4 dxe4 14. dxc5 exf3 15.
Bxe6 Qxe6 16. Qxf3 Nd4 17. Qc3 Rad8 18. Be3 Ne4 19. Qxd4 Rxd4 20. Bxd4 Nxg3 21.
fxg3 Rd8 22. Bf2 Rd2 23. b3 Qe2 24. Rae1 Qb5 25. Re7 Rxa2 26. Rxc7 Qxb3 27. c6
bxc6 28. Rxc6 a5 29. Rcc1 a4 30. Kh2 a3 31. Bc5 Re2 32. Rg1 a2 33. Bd4 Rc2 34.
Rxc2 Qxc2 35. Ba1 Qb1 36. g4 f6 37. Bd4 Kf7 38. Ba1 Ke6 39. Kh1 Kd5 40. Kh2 Ke4
41. Bc3 Kd5 42. Ba1 Ke6 43. Bd4 g5 44. Ba1 f5 45. gxf5+ Kxf5 46. g4+ Ke4 47. Kg2
Qc2+ 48. Kg3 Qd3+ 49. Kh2 Qd6+ 50. Rg3 Qc7 51. Bh8 Qc2+ 52. Rg2 Qb1 53. Re2+ Kf3
54. Re3+ 0-1

[Event "Miedzynarodowe Mistrzostwa Chrzanowa w szachach klasycznych"]
[Site "SP8 Chrzanow, ul. Pogorska 8C "]
[Date "1899-12-30"]
[Round "8.2"]
[White "Tomczak, Mikolaj"]
[Black "Stachanczyk, Jacek"]
[Result "1/2-1/2"]
[WhiteTitle "FM"]
[BlackTitle "IM"]
[WhiteElo "2383"]
[BlackElo "2209"]

1. Nf3 c5 2. c4 Nc6 3. g3 g6 4. Bg2 Bg7 5. O-O Nf6 6. d4 cxd4 7. Nxd4 O-O 8. Nc3
d6 9. Nxc6 bxc6 10. Bxc6 Rb8 11. Qa4 Bd7 12. Rd1 Bxc6 13. Qxc6 Qc8 14. Qa4 Qc5
15. Nd5 Ng4 16. Ne3 Rb4 17. Qa3 Nxe3 18. Bxe3 Qxc4 19. Rac1 Qb5 20. b3 a6 21.
Rd2 h5 22. Rc7 Re4 23. Qc1 h4 24. Qc6 Qe5 25. Qd5 hxg3 26. hxg3 Rxe3 27. fxe3
Qxg3+ 28. Kf1 Qh3+ 29. Qg2 Qxe3 30. Rd3 Qe5 31. Qd5 Qa1+ 32. Rd1 Qf6+ 33. Qf3
Qe5 34. Ra7 Bf6 35. Rxa6 Kg7 36. Ra8 Rxa8 37. Qxa8 Qf5+ 38. Qf3 Qc2 39. Qd3 Qxa2
40. b4 Qa7 41. b5 Be5 42. Qd5 e6 43. Qc6 Qa4 44. Rd3 d5 45. Qc5 Qa1+ 46. Kg2 Qb2
47. Qe3 Bf6 48. Rb3 Qa1 49. Qg1 Qa4 50. Qe3 Qa1 51. Qd3 Bd4 52. Qb1 Qa8 53. b6
Qb7 54. Qc2 Be5 55. Qc5 d4+ 56. Kf2 Qe4 57. b7 Qh4+ 58. Kf1 Qh1+ 59. Kf2 Qh4+
60. Kf1 Qh1+ 1/2-1/2

[Event "Miedzynarodowe Mistrzostwa Chrzanowa w szachach klasycznych"]
[Site "SP8 Chrzanow, ul. Pogorska 8C "]
[Date "1899-12-30"]
[Round "8.5"]
[White "Musial, Tomasz"]
[Black "Pietruszewski, Marcin"]
[Result "1/2-1/2"]
[WhiteTitle "I++"]
[BlackTitle "k+"]
[WhiteElo "2078"]
[BlackElo "2249"]

1. Nf3 c5 2. c4 g6 3. Nc3 Bg7 4. e3 Nf6 5. d4 O-O 6. g3 cxd4 7. exd4 d5 8. cxd5
Nxd5 9. Bg2 Nc6 10. O-O Nxc3 11. bxc3 Bd7 12. Bf4 Rc8 13. Rc1 Qa5 14. Qb3 b6 15.
Rfd1 Rfd8 16. Ng5 Be8 17. Re1 h6 18. Nf3 e6 19. Nd2 Bf8 20. Nc4 Qf5 21. Ne5 g5
22. Be4 Qf6 23. Nxc6 Bxc6 24. Be5 Qe7 25. Bb1 Bg7 26. Bxg7 Kxg7 27. Be4 Qf6 28.
Rcd1 Rd7 29. Bxc6 Rxc6 30. Re3 Rd5 31. Rde1 Rc7 32. Re5 Rd6 33. R1e3 Rdc6 34.
Rd3 Rc4 35. Ree3 Qf5 36. Rd2 Qa5 37. Rc2 a6 38. Kf1 Qf5 39. Rd2 b5 40. Rdd3 Qd5
41. Kg1 b4 42. Re5 Qb7 43. Rc5 R7xc5 44. dxc5 Rxc5 45. Qxb4 Rb5 46. Qd4+ e5 47.
Qd6 Qe4 48. Rd1 a5 49. Qd3 Qxd3 50. Rxd3 Rb2 51. Rd5 Rxa2 52. Rxe5 Kf6 53. Re8
a4 54. Ra8 Ke5 55. Kg2 g4 56. Rd8 a3 57. c4 Rc2 58. Ra8 a2 59. c5 Kd5 60. Ra5
Kc4 61. c6 Kb4 62. Ra7 Kb3 63. Rb7+ Ka3 64. Ra7+ Kb2 65. Rb7+ Kc1 66. Ra7 Kb1
67. Rb7+ Kc1 68. Ra7 Kb2 69. Rb7+ Kc1 70. Ra7 1/2-1/2

[Event "Miedzynarodowe Mistrzostwa Chrzanowa w szachach klasycznych"]
[Site "SP8 Chrzanow, ul. Pogorska 8C "]
[Date "1899-12-30"]
[Round "9.5"]
[White "Pniaczek, Marek"]
[Black "Tomczak, Mikolaj"]
[Result "1-0"]
[WhiteTitle "CM"]
[BlackTitle "FM"]
[WhiteElo "2107"]
[BlackElo "2383"]

1. e4 e6 2. d4 d5 3. Nd2 Nf6 4. e5 Nfd7 5. f4 c5 6. c3 Nc6 7. Ndf3 cxd4 8. cxd4
Bb4+ 9. Bd2 Qa5 10. Ne2 Bxd2+ 11. Qxd2 Qxd2+ 12. Kxd2 Nb6 13. Nc3 Ke7 14. h3 a5
15. a4 Bd7 16. Bb5 Nc8 17. Rhc1 N8a7 18. Be2 Rhc8 19. Nb5 Nxb5 20. Bxb5 Nb4 21.
Bxd7 Kxd7 1-0